| 000 | 01448cam a2200421 i 4500 | ||
|---|---|---|---|
| 001 | blackholesedgeof00sull | ||
| 003 | CaSfIA | ||
| 005 | 20230525154614.0 | ||
| 007 | cr|||| | ||
| 008 | 790125s1979 nyua b 001 0 eng | ||
| 010 | _a 78020239 | ||
| 040 |
_aDLC _cDLC _dBAKER _dBTCTA _dLVB _dZWQ _dCaSfIA |
||
| 019 | _a7026103 | ||
| 020 |
_z0385071566 : _c$19.95 |
||
| 020 |
_a0385075162 : _c$17.95 |
||
| 020 | _a9780385075169 | ||
| 035 |
_a(OCoLC)4641934 _z(OCoLC)7026103 |
||
| 050 | 0 | 0 |
_aQB843.B55 _bS94 |
| 082 | 4 | _a523 | |
| 100 | 1 | _aSullivan, Walter. | |
| 245 | 1 | 0 |
_aBlack holes : _h[electronic resource] _bthe edge of space, the end of time / _cWalter Sullivan ; [maps by Andrew Sabbatini ; diagrams by Bob Michaels] |
| 250 | _a1st ed. | ||
| 260 |
_aGarden City, N.Y. : _bDoubleday, _cc1979. |
||
| 300 |
_a303 p. : _bill. ; _c27 cm. |
||
| 504 | _aBibliography: p. 270-293. | ||
| 500 | _aIncludes index. | ||
| 650 | 0 | _aBlack holes (Astronomy) | |
| 650 | 6 | _aTrous noirs (Astronomie) | |
| 856 | 4 | 1 |
_uhttp://www.archive.org/details/blackholesedgeof00sull _zFree eBook from the Internet Archive |
| 856 | 4 | 2 |
_uhttp://www.openlibrary.org/books/OL4731712M _zAdditional information and access via Open Library |
| 029 | 1 |
_aNLGGC _b047255463 |
|
| 029 | 1 |
_aNZ1 _b3806120 |
|
| 029 | 1 |
_aAU@ _b000001352044 |
|
| 029 | 1 |
_aAU@ _b000004090629 |
|
| 029 | 1 |
_aUNITY _b019096933 |
|
| 029 | 1 |
_aBIRCL _b0385075162 |
|
| 029 | 1 |
_aUKGUL _b0385075162 |
|
| 999 |
_c16020 _d16020 |
||